000 01165cam a2200313 a 4500
005 20240718125052.0
008 110913s2012 njua 000 0 eng
010 _a 2011037610
020 _a9780470168844 (pbk.)
040 _aDLC
_cDLC
_dDLC
042 _apcc
050 0 0 _aTK5103.592.P38
_bW45 2012
082 0 0 _a621.382
_223
_bWEI-C
084 _aTEC011000
_2bisacsh
100 1 _aWeinstein, Stephen B.
245 1 4 _aThe ComSoc guide to passive optical networks :
_benhancing the last mile access /
_cStephen Weinstein, Yuanqiu Luo, Ting Wang.
246 3 0 _aGuide to passive optical networks
260 _aHoboken, NJ :
_bWiley,
_cc2012.
300 _axi, 187 p. :
_bill. ;
_c24 cm.
504 _aIncludes bibliographical references and index.
650 0 _aPassive optical networks.
650 7 _aTECHNOLOGY & ENGINEERING / Fiber Optics.
_2bisacsh
700 1 _aLuo, Yuanqiu.
700 1 _aWang, Ting.
906 _a7
_bcbc
_corignew
_d1
_eecip
_f20
_gy-gencatlg
999 _c18628
_d18628